000 00540nam a2200181 4500
001 109582
003 ES-SlBCS
005 20210327224050.0
008 141110b xxu||||| |||| 00| 0 spa d
020 _a2070732304
040 _bspa
_cES-SlBCS
100 1 _aAssouline, Pierre
_d1953-
_990923
245 1 0 _aRosebud
_b: éclats de biographies
_cPierre Assouline
260 _a[Paris]
_b: Gallimard
_c, impr. 2006
300 _a1 vol. (219 p.) :
_bjaquette ill. en coul ;
_c21 cm.
650 0 4 _aLiteratura Francesa
_913377
942 _2lcc
_cBK
999 _c457404
_d457404